Impact of artificial intelligence in radiology / (Record no. 43808)

MARC details
001 - CONTROL NUMBER
control field 23631090
003 - CONTROL NUMBER IDENTIFIER
control field 000
005 - DATE AND TIME OF LATEST TRANSACTION
control field 20251015150427.0
008 - FIXED-LENGTH DATA ELEMENTS--GENERAL INFORMATION
fixed length control field 240403s2024 flu b 001 0 eng
010 ## - LIBRARY OF CONGRESS CONTROL NUMBER
LC control number 2024015263
020 ## - INTERNATIONAL STANDARD BOOK NUMBER
International Standard Book Number 9780367558154
035 ## - SYSTEM CONTROL NUMBER
System control number 23631090
040 ## - CATALOGING SOURCE
Original cataloging agency DNLM/DLC
Language of cataloging eng
Description conventions rda
Transcribing agency DLC
Modifying agency DLC
042 ## - AUTHENTICATION CODE
Authentication code pcc
050 00 - LIBRARY OF CONGRESS CALL NUMBER
Classification number RC 78.7 .D35 .I47
060 00 - NATIONAL LIBRARY OF MEDICINE CALL NUMBER
Classification number WN 160
082 00 - DEWEY DECIMAL CLASSIFICATION NUMBER
Classification number 616.07/570285
Edition number 23/eng/20240625
100 ## - MAIN ENTRY--PERSONAL NAME
Personal name Eltorai, Adam E.M.
245 00 - TITLE STATEMENT
Title Impact of artificial intelligence in radiology /
Statement of responsibility, etc edited by Adam E.M. Eltorai, Ian Pan and Haiwei Henry Guo.
263 ## - PROJECTED PUBLICATION DATE
Projected publication date 2409
264 #1 - PUBLICATION, DISTRIBUTION, ETC. (IMPRINT)
Place of publication, distribution, etc Boca Raton :
Name of publisher, distributor, etc CRC Press,
Date of publication, distribution, etc 2025.
300 ## - PHYSICAL DESCRIPTION
Extent xii, 240p. ill.
336 ## - CONTENT TYPE
Content type term text
Content type code txt
Source rdacontent
337 ## - MEDIA TYPE
Media type term unmediated
Media type code n
Source rdamedia
338 ## - CARRIER TYPE
Carrier type term volume
Carrier type code nc
Source rdacarrier
490 ## - SERIES STATEMENT
Series statement AI in Clinical Practice Series
504 ## - BIBLIOGRAPHY, ETC. NOTE
Bibliography, etc Includes bibliographical references and index.
520 ## - SUMMARY, ETC.
Summary, etc "Implementation of artificial intelligence AI in Radiology is an important topic of discussion. Advances in AI which encompass machine learning, artificial neural networks, and deep learning are increasingly being applied to diagnostic imaging. While some posit radiologists are irreplaceable, certain AI proponents have proposed to stop training radiologists now. By compiling perspectives from experts from various backgrounds, this book explores the current state of AI efforts in Radiology along with the clinical, financial, technological, and societal perspectives on the role and expected impact of AI in Radiology"--
Assigning source Provided by publisher.
650 12 - SUBJECT ADDED ENTRY--TOPICAL TERM
Topical term or geographic name as entry element Technology, Radiologic
650 12 - SUBJECT ADDED ENTRY--TOPICAL TERM
Topical term or geographic name as entry element Artificial Intelligence
650 22 - SUBJECT ADDED ENTRY--TOPICAL TERM
Topical term or geographic name as entry element Medical Informatics Applications
650 22 - SUBJECT ADDED ENTRY--TOPICAL TERM
Topical term or geographic name as entry element Radiology
General subdivision methods
700 1# - ADDED ENTRY--PERSONAL NAME
Personal name Eltorai, Adam E. M.,
Relator term editor.
700 1# - ADDED ENTRY--PERSONAL NAME
Personal name Pan, Ian,
Relator term editor.
700 1# - ADDED ENTRY--PERSONAL NAME
Personal name Guo, Haiwei Henry,
Relator term editor.
776 08 - ADDITIONAL PHYSICAL FORM ENTRY
Relationship information Online version:
Title Impact of artificial intelligence in radiology
Edition First edition.
Place, publisher, and date of publication Boca Raton : CRC Press, 2024
International Standard Book Number 9781003095279
Record control number (DLC) 2024015264
906 ## - LOCAL DATA ELEMENT F, LDF (RLIN)
a 7
b cbc
c orignew
d 1
e ecip
f 20
g y-gencatlg
942 ## - ADDED ENTRY ELEMENTS (KOHA)
Source of classification or shelving scheme Library of Congress Classification
Koha item type Books
Holdings
Withdrawn status Lost status Source of classification or shelving scheme Damaged status Not for loan Permanent Location Current Location Date acquired Total Checkouts Full call number Barcode Date last seen Price effective from Koha item type
    Library of Congress Classification     NILE UNIVERSITY OF NIGERIA - MAIN LIBRARY NILE UNIVERSITY OF NIGERIA - MAIN LIBRARY 10/15/2025   RC 78.7 .D35 .I47 2025 0199152 10/15/2025 10/15/2025 Books
    Library of Congress Classification     NILE UNIVERSITY OF NIGERIA - MAIN LIBRARY NILE UNIVERSITY OF NIGERIA - MAIN LIBRARY 10/15/2025   RC 78.7 .D35 .I47 2025 0199153 10/15/2025 10/15/2025 Books